=LDR 00000nam 2200000 4500 =001 INLIS000000000013486 =005 20130612104855 =008 ***********************************Ind** =035 ##$$0010-061300000013486 =041 ##$$a Ind =082 ##$$a 616.852 7 =090 ##$$a 616.852 7, geo b =100 ##$$a George, Nike =245 ##$$a Bebas dari segala bentuk stres, Nike George =260 ##$$a 2004 $b Jakarta =300 ##$$a 146 hlm, Ilus, 20 cm =650 ##$$a Stres (Fisiologi) =850 ##$$a NBPNMAT